00298nam a22001217a 4500003000400000005001700004008004100021040000700062082002200069100002000091245004500111300002000156OSt20211217104345.0211217b |||||||| |||| 00| 0 eng d cHU a333.7316 YOU 1998 aYoung, Anthony, aLand resources : now and for the future. a319pbpcc25cm